| 000 | 00329nam a22001337a 4500 | ||
|---|---|---|---|
| 008 | 170310b xxu||||| |||| 00| 0 eng d | ||
| 020 | _a9780070213883 | ||
| 041 | _aeng | ||
| 080 |
_23RD _a616.5 |
||
| 100 | _a7 | ||
| 101 | _aSHM | ||
| 245 |
_aCOLOR ATLAS AND SYNOPSIS OF CLINICAL DERMATOLOGY _cFITZPATRICK, TH.B |
||
| 942 |
_2udc _cBK |
||
| 999 |
_c7472 _d7472 |
||